Resettlement, development and gender : the case of the Kadazandusun of Kampung Tampasak, Penampang, Sabah /
Saved in:
| 主要作者: | |
|---|---|
| 格式: | Thesis 图书 |
| 语言: | English |
| 出版: |
2000.
|
| 主题: | |
| 在线阅读: | http://studentsrepo.um.edu.my/id/eprint/2799 |
| 标签: |
添加标签
没有标签, 成为第一个标记此记录!
|
| LEADER | 01262cam a2200313 a 4500 | ||
|---|---|---|---|
| 001 | u477637 | ||
| 003 | SIRSI | ||
| 008 | 970729s2000 my t 00 1 eng m | ||
| 035 | |a ACO-2911 | ||
| 040 | |a UMM | ||
| 043 | |a a-my-sa | ||
| 090 | |a HD690.6 |b Z8S2Yon | ||
| 100 | 1 | 0 | |a Yong, Ooi Lin. |
| 245 | 1 | 0 | |a Resettlement, development and gender : |b the case of the Kadazandusun of Kampung Tampasak, Penampang, Sabah / |c Yong Ooi Lin. |
| 260 | 0 | |c 2000. | |
| 300 | |a xvii, 239 leaves : |b ill. ; |c 30 cm. | ||
| 502 | |a Dissertation (M.Phil.) -- Institut Pengajian Siswazah dan Penyelidikan, Universiti Malaya, 2001. | ||
| 504 | |a Bibliography: leaves 207-221. | ||
| 650 | 0 | |a Dusun (Bornean people) |z Sabah |z Penampang. | |
| 650 | 0 | |a Land settlement |z Sabah |z Penampang. | |
| 650 | 0 | |a Women |z Sabah. | |
| 650 | 0 | |a Dams |z Sabah |z Babagon Dam. | |
| 651 | 0 | |a Penampang (Sabah) | |
| 710 | 2 | 0 | |a Universiti Malaya. |b Institut Pengajian Siswazah dan Penyelidikan. |
| 856 | 4 | 1 | |u http://studentsrepo.um.edu.my/id/eprint/2799 |
| 948 | |a 01/03/2001 |b 10/09/2003 | ||
| 596 | |a 1 | ||
| 999 | |a HD690.6 Z8S2YON |w LC |c 1 |i A509845001 |d 25/5/2011 |e 25/5/2011 |l STACKS |m P01UTAMA |n 2 |r Y |s Y |t TESIS |u 19/3/2001 | ||
| 999 | |a HD890.6 Z8S2YON |w LC |c 1 |i A510145489 |d 12/9/2001 |l STACKS |m P01UTAMA |n 1 |r Y |s Y |t TESIS |u 24/3/2001 | ||
